Business Environment (Record no. 722)
[ view plain ]
| 000 -LEADER | |
|---|---|
| Fixed length control field | 00430nam a2200169 4500 |
| 003 - CONTROL NUMBER IDENTIFIER | |
| Control field | SEACOMMC |
| 005 - DATE AND TIME OF LATEST TRANSACTION | |
| Control field | 20250424133251.0 |
| 008 - FIXED-LENGTH DATA ELEMENTS--GENERAL INFORMATION | |
| Fixed length control field | 241104b |||||||| |||| 00| 0 eng d |
| 020 ## - INTERNATIONAL STANDARD BOOK NUMBER / ISBN | |
| International Standard Book Number | 81-74463-75-5 |
| Price | Rs.275.00 |
| 040 ## - CATALOGING SOURCE | |
| Original cataloging agency | SEACOMMC |
| 082 ## - DEWEY DECIMAL CLASSIFICATION NUMBER | |
| Classification number | 338.7 |
| Book Number | B 412 |
| 100 ## - MAIN ENTRY--PERSONAL NAME | |
| Personal name | Bedi, Suresh |
| 245 1# - TITLE STATEMENT | |
| Title | Business Environment |
| Statement of responsibility | Suresh Bedi |
| 260 ## - IMPRINT | |
| Place of publication | New Delhi |
| Name of publisher | Excel Books |
| Date of publication | 2004 |
| 650 ## - SUBJECT ADDED ENTRY--TOPICAL TERM | |
| Topical term | Management |
| 942 ## - ADDED ENTRY ELEMENTS (KOHA) | |
| Koha item type | Books |
| Withdrawn status | Lost status | Source of classification | Damaged status | Not for loan | Home library | Current library | Shelving location | Date acquired | Total Checkouts | Call number | Accession number | Date last seen | Price effective from | Koha item type | Copy number |
|---|---|---|---|---|---|---|---|---|---|---|---|---|---|---|---|
| Dewey Decimal Classification | SEACOM MANAGEMENT COLLEGE | SEACOM MANAGEMENT COLLEGE | Reference | 13/11/2007 | 338.7 B 412 | M-772 | 04/11/2024 | 04/11/2024 | Books | ||||||
| Dewey Decimal Classification | SEACOM MANAGEMENT COLLEGE | SEACOM MANAGEMENT COLLEGE | 13/11/2007 | 338.7 B 412 | M-773 | 04/11/2024 | 04/11/2024 | Books | 1 | ||||||
| Dewey Decimal Classification | SEACOM MANAGEMENT COLLEGE | SEACOM MANAGEMENT COLLEGE | 13/11/2007 | 338.7 B 412 | M-774 | 04/11/2024 | 04/11/2024 | Books | 2 |
